Pahumara habir baat, jatuka patar dare aru aognigarva (Record no. 3171)

MARC details
000 -LEADER
fixed length control field 00521cam a2200181ua 4500
008 - FIXED-LENGTH DATA ELEMENTS--GENERAL INFORMATION
fixed length control field 111017n ii |||gr||||Z||||||asm
040 ## - CATALOGING SOURCE
Transcribing agency MAIN
082 ## - DEWEY DECIMAL CLASSIFICATION NUMBER
Classification number 891.4513
100 1# - MAIN ENTRY--PERSONAL NAME
Personal name Malik, Seyed Abdul,
Relator term
245 11 - TITLE STATEMENT
Title Pahumara habir baat, jatuka patar dare aru aognigarva
Statement of responsibility, etc. by Seyed Abdul Malik
250 ## - EDITION STATEMENT
Edition statement 2nd.
260 ## - PUBLICATION, DISTRIBUTION, ETC.
Place of publication, distribution, etc. Guahati:
Name of publisher, distributor, etc. LBS Publication,989.
300 ## - PHYSICAL DESCRIPTION
Extent 255p:
Dimensions 23cm.
942 ## - ADDED ENTRY ELEMENTS (KOHA)
Koha item type Books
653 ## - INDEX TERM--UNCONTROLLED
Uncontrolled term Assamese novel
653 ## - INDEX TERM--UNCONTROLLED
Uncontrolled term Pahumara habir baat, jatuka patar dare aru aognigarva
Holdings
Withdrawn status Lost status Damaged status Not for loan Home library Current library Shelving location Date acquired Total Checkouts Full call number Barcode Date last seen Date last checked out Copy number Price effective from Koha item type
        Central Library, Naharkatiya College Central Library, Naharkatiya College General Stacks 19/09/2020 1 891.4513 | MAL 9961 10/01/2022 04/01/2022 1 19/09/2020 Books

Naharkatiya College © 2020. All rights reserved.

Powered By